000 00477nam a2200169 i 4500
001 138162
003 ES-MaACL
005 20230906195521.0
007 t|
008 070214s1932 sp r ||||1| spa d
100 1 _aSánchez Rojas, José.
_9102895
245 1 0 _aSensaciones de Salamanca /
_cJosé Sánchez Rojas.
260 _aSalamanca :
_b[s. n.],
_cImp. Provincial (
_f1932)
300 _a68 p., 23 lám. ;
_c22cm.
500 _aRetr. autor.
852 _aES-MaACL
_jA-897
999 _c138162
_d138162